| 000 | 00912nam a2200253 a 4500 | ||
|---|---|---|---|
| 003 | MX-MxUPN | ||
| 005 | 20260317105205.0 | ||
| 008 | 260317t2025 mx||||||r|||| 000 0 spa d | ||
| 020 | _a9786078817672 | ||
| 040 |
_aMX-MxUPN _bspa _cMX-MxUPN |
||
| 041 | 0 | _aspa | |
| 050 | 1 | 4 |
_aRA644 C67 _bP47 2025 |
| 245 | 0 | 0 | _aPercepción social de la política en emergencias de salud |
| 250 | _aPrimera edición. | ||
| 260 |
_aCiudad de México : _bFacultad Latinoamericana de Ciencias Sociales, _c©2025. |
||
| 300 | _a136 páginas | ||
| 650 | 4 |
_aCOVID-19 (Enfermedad) _xPolítica gubernamental _zMéxico _xOpinión pública _959054 |
|
| 650 | 4 |
_aPandemia de COVID-19, 2020-2023 _xAspectos políticos _zMéxico _959057 |
|
| 700 | 1 |
_aLoza Otero, Nicolás _959055 _ecoordinación |
|
| 700 | 1 |
_aArmesto, Alejandra _959056 _ecoordinación |
|
| 902 | _aVíctor Ruiz/170326 | ||
| 942 |
_2lcc _cLIBRO |
||
| 999 |
_c214780 _d214780 |
||